Statistics for Sporting Lisbon Champions League XIs

Click here to take the quiz!

General Stats

  • This quiz has been taken 93 times
  • The average score is 16 of 72

Answer Stats

Answer% Correct
Rui Patrício
72%
Bruno Fernandes
66%
Antonio Adán
65%
Sebastián Coates
63%
William Carvalho
55%
Adrien Silva
52%
Pedro Porro
49%
Nani
48%
Gonçalo Inácio
45%
Paulinho
44%
João Moutinho
42%
João Mário
41%
João Palhinha
41%
Bas Dost
39%
Matheus Reis
38%
Matheus Nunes
37%
João Pereira
35%
Liedson
35%
Gelson Martins
34%
Islam Slimani
34%
Pablo Sarabia
32%
Jérémy Mathieu
31%
Fábio Coentrão
30%
Zouhair Feddal
28%
Ricardo
27%
Peter Schmeichel
23%
Miguel Veloso
21%
Pedro Martins
21%
Bruno César
20%
Marcos Acuña
20%
João Pinto
18%
Ricardo Esgaio
18%
Bryan Ruiz
17%
Cédric Soares
17%
Ricardo Sá Pinto
17%
Roberto Beto
17%
Anderson Polga
15%
Rúben Semedo
15%
Cristiano Piccini
14%
Marat Izmailov
14%
Rodrigo Battaglia
14%
Derlei
13%
Maurício
13%
Paulo Oliveira
11%
Fábio Rochemback
10%
Tonel
10%
Yannick Djalo
10%
Alberto Acosta
8%
André Carrillo
8%
Hugo
8%
Marvin Zeegelaar
8%
Oceano da Cruz
8%
Pedro Barbosa
8%
Abel
7%
André Cruz
7%
Leandro Romagnoli
7%
Marco Caneira
7%
Naby Sarr
7%
Rodrigo Tello
6%
Carlos Paredes
4%
Mustafa Hadji
4%
Ronny
4%
César Prates
3%
Dimas
3%
Filip de Wilde
3%
Marco Aurélio
3%
Pavel Horvath
3%
Bino
1%
Didier Lang
1%
Leandro
1%
Quim Berto
1%
Vinícius
1%

Score Distribution

Percentile by Number Answered

Percent of People with Each Score

Your Score History

You have not taken this quiz